| 000 | 01875nam a2200349 a 4500 | ||
|---|---|---|---|
| 001 | 000021155 | ||
| 003 | DO-SdBNP | ||
| 005 | 20251120073732.0 | ||
| 008 | 100901s2006 dr ab 001 0 spa d | ||
| 040 |
_aDO-SdBNP _bspa _cBNPHU |
||
| 082 | 4 |
_a307.14 _bR426Lin _222 |
|
| 110 | 1 |
_aRepública Dominicana. _bPresidencia de la República Dominicana. _bConsejo Nacional de Asuntos Urbanos. _943929 |
|
| 245 | 1 | 0 |
_aLineamientos de políticas de desarrollo urbano para la ciudad de Cotuí / _cJulio C. Corral, Daritza Nicodemo, Letty Alt. Pérez M. ; asesor Rafael Emilio Yunén. |
| 260 |
_aSantiago de los Caballeros : _bPUCMM, _bCentro de Estudios Urbanos y Regionales, _c2006. |
||
| 300 |
_a237 p. : _bil. ; mapas ; _c28 cm. |
||
| 504 | _aIncluye bibliografía y notas al pie de páginas. | ||
| 504 | _aBibliografía: p.228-232. | ||
| 505 | 2 |
_tLa ciudad de Cotuí en el contexto subregional -- _tCaracterización de la ciudad de Cotuí -- _tPerfil, escenarios, propuestas y lineamientos de políticas 210 -- _gBibliografía -- _gAnexos. |
|
| 590 | _aInventariado,2018/DG | ||
| 650 | 4 |
_aDesarrollo de la comunidad urbana _zCotuí (República Dominicana) _944227 |
|
| 650 | 4 |
_aDesarrollo urbano _zCotuí (República Dominicana) _944228 |
|
| 650 | 4 |
_aCiudades y pueblos _zRepública Dominicana _9784 |
|
| 650 | 4 |
_aMejoramiento urbano _zCotuí (República Dominicana) _944229 |
|
| 650 | 4 |
_aEstrategias para el desarrollo _zCotuí (República Dominicana) _944230 |
|
| 650 | 4 |
_aPolíticas de desarrollo _zRepública Dominicana _97785 |
|
| 650 | 4 |
_aPlanificación regional _zRepública Dominicana _944231 |
|
| 651 | 4 |
_aCotuí (República Dominicana) _98423 |
|
| 710 | 2 |
_aRepública Dominicana. Consejo Nacional de Asuntos Urbanos (CONAU) _943940 |
|
| 710 | 2 |
_aPontificia Universidad Católica Madre y Maestra _9843 |
|
| 910 | _aValidado. Control de calidad EMS. | ||
| 942 |
_2ddc _cLBS1 |
||
| 999 |
_c20657 _d20657 |
||